000 00832nam a22002297a 4500
005 20081020163748.0
008 081020t xxu||||| |||| 00| 0 eng d
010 _aENG-84502
020 _a8178354977
020 _c690.00 (hb)
035 _aEN-68035
082 _a650.09 / BUS
245 _aBusiness history of India /
_cedited by Chittabrata Palit and Pranjal Kumar Bhattacharya
260 _aDelhi
_bKalpaz Publications
260 _c2006
300 _a308p
_c22cm
500 _aIncludes bibliographical references and index
700 _aBhattacharya, Pranjal Kumar
_ced
700 _aPalit, Chittabrata
_ced
942 _2ddc
_cEN
_h650.09
_mBUS
999 _c17808
_d17808